000 00720nam a22002057a 4500
999 _c19809
_d19809
003 AR-CdUCM
008 190321b ||||| |||| 00| 0 spa d
040 _aMUNICIPALIDAD PROVINCIAL DEL CUSCO
_cBIBLIOTECA MUNICIPAL DEL CUSCO
082 _a498.515 /
_bG18
100 _aGalicia Panica, Mario B
_915949
245 _aGramática funcional del quehua :
_bde la región sur del Perú /
260 _aPerú :
_c1988.
300 _a142 páginas ;
_c22 cm.
505 _aContenido : Testimonios y escritura inka -- Gramática funcional del quechua -- Sustantivo -- Adjetivo...
650 _aQuechua
_92063
650 _aCronistas
_91200
650 _aGramática
_99175
942 _2ddc
_cLIBROS
945 _adavv
_d2019-05-22